| 000 | 01286nam a22002417a 4500 | ||
|---|---|---|---|
| 999 |
_c59325 _d59325 |
||
| 003 | Ge_BSU | ||
| 005 | 20230123121447.0 | ||
| 008 | 230123s2012 ge ||||| |||| 00| 0 geo d | ||
| 020 | _a9789941176227 | ||
| 041 | _ageo | ||
| 080 | _a551.502.4(479.22)(075.8) მ-53 | ||
| 100 |
_aმელაძე, გიორგი _9824 |
||
| 245 |
_aსაქართველოს დასავლეთ რეგიონების აგროკლიმატური რესურსები : [ _b[სახელმძღვ.] / _cგიორგი მელაძე, მაია მელაძე ; [რედ. ელდარ გუგავა]. |
||
| 264 |
_aთბილისი: _bუნივერსალი, _c2012. |
||
| 300 |
_a436 გვ. : _bცხრ., ნახ. ; _c20 სმ. |
||
| 501 | _aდანართი: გვ. 347-426. | ||
| 504 | _aბიბლიოგრ.: გვ. 427-435. | ||
| 653 | _aსაქართველოს აგრომეტეოროლოგია | ||
| 653 | _aაგროკლიმატური რესურსები | ||
| 700 |
_aმელაძე, მაია _eავტორი _916743 |
||
| 700 |
_aგუგავა, ელდარ _eრედაქტორი _916744 |
||
| 942 |
_2udc _cBK |
||